<?xml version="1.0" encoding="UTF-8"?>
<record
    xmlns:xsi="http://www.w3.org/2001/XMLSchema-instance"
    xsi:schemaLocation="http://www.loc.gov/MARC21/slim http://www.loc.gov/standards/marcxml/schema/MARC21slim.xsd"
    xmlns="http://www.loc.gov/MARC21/slim">

  <leader>01289nam0a22003131  4500</leader>
  <controlfield tag="001">rc\3291346</controlfield>
  <controlfield tag="005">20260407122459.0</controlfield>
  <datafield tag="010" ind1=" " ind2=" ">
    <subfield code="d">7 &#x43A;.</subfield>
    <subfield code="9">4000</subfield>
  </datafield>
  <datafield tag="021" ind1=" " ind2=" ">
    <subfield code="a">RU</subfield>
    <subfield code="b">[73-2215]</subfield>
  </datafield>
  <datafield tag="035" ind1=" " ind2=" ">
    <subfield code="a">(NLR Aleph) 007496598</subfield>
  </datafield>
  <datafield tag="090" ind1=" " ind2=" ">
    <subfield code="a">7652477</subfield>
    <subfield code="c">7652477</subfield>
  </datafield>
  <datafield tag="100" ind1=" " ind2=" ">
    <subfield code="a">20130115d1972    |||y0rusy50      ca</subfield>
  </datafield>
  <datafield tag="101" ind1="0" ind2=" ">
    <subfield code="a">rus</subfield>
  </datafield>
  <datafield tag="102" ind1=" " ind2=" ">
    <subfield code="a">RU</subfield>
  </datafield>
  <datafield tag="105" ind1=" " ind2=" ">
    <subfield code="a">y z |||||</subfield>
  </datafield>
  <datafield tag="200" ind1="1" ind2=" ">
    <subfield code="a">&#x41D;&#x430;&#x440;&#x43E;&#x434;&#x43D;&#x44B;&#x435; &#x443;&#x43D;&#x438;&#x432;&#x435;&#x440;&#x441;&#x438;&#x442;&#x435;&#x442;&#x44B; - &#x448;&#x43A;&#x43E;&#x43B;&#x430; &#x43C;&#x438;&#x43B;&#x43B;&#x438;&#x43E;&#x43D;&#x43E;&#x432;</subfield>
    <subfield code="e">(&#x438;&#x437; &#x43E;&#x43F;&#x44B;&#x442;&#x430; &#x440;&#x430;&#x431;&#x43E;&#x442;&#x44B; &#x43D;&#x430;&#x440;&#x43E;&#x434;&#x43D;&#x44B;&#x445; &#x443;&#x43D;&#x438;&#x432;&#x435;&#x440;&#x441;&#x438;&#x442;&#x435;&#x442;&#x43E;&#x432; &#x41A;&#x430;&#x440;&#x430;&#x433;&#x430;&#x43D;&#x434;&#x438;&#x43D;&#x441;&#x43A;&#x43E;&#x439; &#x43E;&#x431;&#x43B;&#x430;&#x441;&#x442;&#x438;)</subfield>
    <subfield code="f">&#x413;.&#x41C;. &#x428;&#x435;&#x441;&#x442;&#x430;&#x43A;&#x43E;&#x432;, &#x425;. &#x41E;&#x440;&#x430;&#x437;&#x431;&#x430;&#x435;&#x432;</subfield>
  </datafield>
  <datafield tag="210" ind1=" " ind2=" ">
    <subfield code="a">&#x410;&#x43B;&#x43C;&#x430;-&#x410;&#x442;&#x430;</subfield>
    <subfield code="d">1972</subfield>
  </datafield>
  <datafield tag="215" ind1=" " ind2=" ">
    <subfield code="a">43 &#x441;.</subfield>
    <subfield code="d">20</subfield>
  </datafield>
  <datafield tag="225" ind1="1" ind2=" ">
    <subfield code="a">[&#x417;&#x43D;&#x430;&#x43D;&#x438;&#x435; - &#x43D;&#x430;&#x440;&#x43E;&#x434;&#x443;]</subfield>
    <subfield code="f">&#x41E;-&#x432;&#x43E; "&#x417;&#x43D;&#x430;&#x43D;&#x438;&#x435;" &#x41A;&#x430;&#x437;&#x421;&#x421;&#x420;</subfield>
  </datafield>
  <datafield tag="606" ind1="1" ind2=" ">
    <subfield code="a">&#x41D;&#x430;&#x440;&#x43E;&#x434;&#x43D;&#x44B;&#x435; &#x443;&#x43D;&#x438;&#x432;&#x435;&#x440;&#x441;&#x438;&#x442;&#x435;&#x442;&#x44B;</subfield>
    <subfield code="y">&#x41A;&#x430;&#x440;&#x430;&#x433;&#x430;&#x43D;&#x434;&#x438;&#x43D;&#x441;&#x43A;&#x430;&#x44F; &#x43E;&#x431;&#x43B;&#x430;&#x441;&#x442;&#x44C; (&#x41A;&#x430;&#x437;&#x430;&#x445;&#x441;&#x442;&#x430;&#x43D;)</subfield>
    <subfield code="9">1746812</subfield>
    <subfield code="3">RU\NLR\AUTH\66782131</subfield>
  </datafield>
  <datafield tag="700" ind1=" " ind2="1">
    <subfield code="a">&#x428;&#x435;&#x441;&#x442;&#x430;&#x43A;&#x43E;&#x432;</subfield>
    <subfield code="b">&#x413;.&#x41C;.</subfield>
    <subfield code="g">&#x413;&#x435;&#x43E;&#x440;&#x433;&#x438;&#x439; &#x41C;&#x438;&#x445;&#x430;&#x439;&#x43B;&#x43E;&#x432;&#x438;&#x447;</subfield>
  </datafield>
  <datafield tag="701" ind1=" " ind2="1">
    <subfield code="a">&#x41E;&#x440;&#x430;&#x437;&#x431;&#x430;&#x435;&#x432;</subfield>
    <subfield code="b">&#x425;.</subfield>
  </datafield>
  <datafield tag="712" ind1="0" ind2="2">
    <subfield code="4">650</subfield>
    <subfield code="a">"&#x417;&#x43D;&#x430;&#x43D;&#x438;&#x435;", &#x43E;-&#x432;&#x43E; &#x41A;&#x430;&#x437;&#x421;&#x421;&#x420;</subfield>
    <subfield code="c">&#x410;&#x43B;&#x43C;&#x430;-&#x410;&#x442;&#x430;</subfield>
    <subfield code="3">RU\NLR\AUTH\889959125</subfield>
    <subfield code="9">414424</subfield>
  </datafield>
  <datafield tag="801" ind1=" " ind2="0">
    <subfield code="a">RU</subfield>
    <subfield code="b">NLR</subfield>
    <subfield code="g">psbo</subfield>
  </datafield>
  <datafield tag="801" ind1=" " ind2="1">
    <subfield code="a">RU</subfield>
    <subfield code="b">ELAR</subfield>
    <subfield code="2">rusmarc</subfield>
  </datafield>
  <datafield tag="801" ind1=" " ind2="2">
    <subfield code="a">RU</subfield>
    <subfield code="b">NLR</subfield>
    <subfield code="c">20170714</subfield>
    <subfield code="2">rusmarc</subfield>
  </datafield>
  <datafield tag="852" ind1=" " ind2=" ">
    <subfield code="a">NLR</subfield>
    <subfield code="j">72-4/35964</subfield>
  </datafield>
  <datafield tag="942" ind1=" " ind2=" ">
    <subfield code="c">BOOK</subfield>
  </datafield>
  <datafield tag="980" ind1=" " ind2=" ">
    <subfield code="a">NB</subfield>
  </datafield>
  <datafield tag="995" ind1=" " ind2=" ">
    <subfield code="5">2013-10-26</subfield>
    <subfield code="b">NLR01</subfield>
    <subfield code="c">NLR01</subfield>
    <subfield code="e">RF91</subfield>
    <subfield code="f">7496598-10</subfield>
    <subfield code="k">72-4/35964</subfield>
    <subfield code="o">0</subfield>
    <subfield code="r">BOOK</subfield>
    <subfield code="s">72435964_</subfield>
  </datafield>
</record>
